Cities of Lake County, Florida - Statistics

General Stats
  • This quiz has been taken 3 times
  • The average score is 7 of 14
Answer Stats
Answer Population % Correct
Clermont 46,497
100%
Groveland 22,354
100%
Leesburg 29,173
100%
Mount Dora 17,164
100%
Eustis 13,996
50%
Fruitland Park 8,712
50%
Lady Lake 16,678
50%
Mascotte 7,970
50%
Tavares 20,368
50%
Umatilla 3,827
50%
Astatula 2,006
0%
Howey-in-the-Hills 1,668
0%
Minneola 16,141
0%
Montverde 1,733
0%
No matching quizzes found
Score Distribution
Percent of People with Each Score
Percentile by Number Answered
Your Score History
You have not taken this quiz